Most Popular Songs in USA 5/23/2026 - Statistics

General Stats
  • This quiz has been taken 8 times
  • The average score is 9 of 15
Answer Stats
Rank Artist (song) Answer Streams Radio Airplay Sales % Correct
13. HUNTR/X Golden 8.9 Million 40.2 Million 2 Thousand
75%
4. Bruno Mars I Just Might 9.5 Million 72.6 Million 1.5 Thousand
75%
3. Olivia Dean Man I Need 12 Million 56.7 Million 1.5 Thousand
75%
1. Ella Langley Choosin' Texas 27.7 Million 48.1 Million 7 Thousand
63%
10. Tame Impala, Jennie Dracula 11.9 Million 25.9 Million 2 Thousand
63%
7. Olivia Rodrigo drop dead 13.7 Million 26 Million 1.5 Thousand
63%
9. Kehlani Folded 6 Million 67.6 Million 0.3 Thousand
63%
5. Olivia Dean So Easy (To Fall In Love) 9.4 Million 65.9 Million 1 Thousand
63%
2. Ella Langley Be Her 18.2 Million 28.8 Million 3 Thousand
50%
15. Michael Jackson Billie Jean 13.6 Million 4.9 Million 1.5 Thousand
50%
11. Ella Langley, Morgan Wallen I Can't Love You Anymore 14.1 Million 12.9 Million 3 Thousand
50%
6. Alex Warren Ordinary 12.5 Million 48.1 Million 1.5 Thousand
50%
12. PinkPantheress, Zara Larsson Stateside 10 Million 36.6 Million 2 Thousand
50%
14. Taylor Swift The Fate Of Ophelia 8 Million 40.7 Million 1 Thousand
50%
8. Bruno Mars Risk It All 11.1 Million 38.8 Million 2 Thousand
38%
No matching quizzes found
Score Distribution
Percent of People with Each Score
Percentile by Number Answered
Your Score History
You have not taken this quiz